| 000 | 01009cas a22002771 4500 | ||
|---|---|---|---|
| 090 | _c0 | ||
| 001 | 11149303 | ||
| 005 | 20020305085134.0 | ||
| 008 | 751101c19089999nyu x 0 a0eng | ||
| 010 | _a 56006964 | ||
| 035 | _a(OCoLC)ocm01772956 | ||
| 040 |
_aDLC _cMnMULS _dDLC _dNST _dN _dOCoLC _dNST _dMH _dNST _dInU _dOCoLC |
||
| 042 | _alc | ||
| 050 | 0 | 0 |
_aTK151 _b.S8 |
| 082 |
_a621.3 _bSTA |
||
| 245 | 0 | 0 | _aStandard handbook for electrical engineers. |
| 260 |
_aNew York, _bMcGraw-Hill. _cc.2007. |
||
| 300 |
_av. _bdiagrs., tables. _c18-24 cm. |
||
| 500 | _aEditors: 4th-6th, F. F. Fowle; 7th- A. E. Knowlton. | ||
| 650 | 0 |
_aElectric engineering _vHandbooks, manuals, etc. |
|
| 936 |
_aUnknown _a1978 (surrogate) |
||
| 942 |
_2ddc _cBB |
||
| 999 |
_c10572 _d10572 |
||